Normal view
MARC view
- NC MUHAMMAD USMAN HAIDER NC SHAHRYAR ARSHAD PC MUHAMMAD ABDULLAH ARSHAD
Entry Personal Name
001 - CONTROL NUMBER
- control field: 71225
003 - CONTROL NUMBER IDENTIFIER
- control field: NUST
005 - DATE AND TIME OF LATEST TRANSACTION
- control field: 20210628204617.0
008 - FIXED-LENGTH DATA ELEMENTS
- fixed length control field: 210628|| aca||aabn | a|a d
040 ## - CATALOGING SOURCE
- Original cataloging agency: NUST
- Transcribing agency: NUST
100 ## - HEADING--PERSONAL NAME
- Personal name: NC MUHAMMAD USMAN HAIDER NC SHAHRYAR ARSHAD PC MUHAMMAD ABDULLAH ARSHAD
670 ## - SOURCE DATA FOUND
- Source citation: Work cat.: (NUST): NC MUHAMMAD USMAN HAIDER NC SHAHRYAR ARSHAD PC MUHAMMAD ABDULLAH ARSHAD, PR-SOF-1747-ADVANCED ENERGY METER, 2018
